<?xml version="1.0" encoding="UTF-8"?>
<collection xmlns="http://www.loc.gov/MARC21/slim">
 <record>
  <leader>00952nam a22002051  4500</leader>
  <controlfield tag="001">1/49797</controlfield>
  <controlfield tag="008">990208s1980    gr            000 0 gre d</controlfield>
  <datafield tag="035" ind1=" " ind2=" ">
   <subfield code="l">14716</subfield>
  </datafield>
  <datafield tag="040" ind1=" " ind2=" ">
   <subfield code="a">GR-PeUP</subfield>
  </datafield>
  <datafield tag="082" ind1="0" ind2="0">
   <subfield code="a">883.1 OM</subfield>
  </datafield>
  <datafield tag="100" ind1="1" ind2=" ">
   <subfield code="a">Ομηρος</subfield>
   <subfield code="d">8ος αιώνας π.Χ.</subfield>
  </datafield>
  <datafield tag="245" ind1="1" ind2="0">
   <subfield code="a">Ομήρου Οδύσσεια /</subfield>
   <subfield code="c">Ομήρου.</subfield>
  </datafield>
  <datafield tag="260" ind1=" " ind2=" ">
   <subfield code="a">Αθήνα:</subfield>
   <subfield code="b">Παπαδήμας,</subfield>
   <subfield code="c">1980.</subfield>
  </datafield>
  <datafield tag="300" ind1=" " ind2=" ">
   <subfield code="a">2 τ.(ραψωδία Ι., Ν.);</subfield>
   <subfield code="c">20 εκ.</subfield>
  </datafield>
  <datafield tag="600" ind1="1" ind2="4">
   <subfield code="a">Ομηρος</subfield>
   <subfield code="d">8ος αιώνας π.Χ.</subfield>
  </datafield>
  <datafield tag="650" ind1=" " ind2="4">
   <subfield code="a">Ομηρικοί ύμνοι.</subfield>
  </datafield>
  <datafield tag="651" ind1=" " ind2="4">
   <subfield code="a">Ελλάδα</subfield>
   <subfield code="x">Ιστορία, Αρχαία.</subfield>
  </datafield>
  <datafield tag="700" ind1="1" ind2=" ">
   <subfield code="a">Γιαννακόπουλος, Παναγιώτης Ε,</subfield>
   <subfield code="e">μετ.</subfield>
  </datafield>
  <datafield tag="852" ind1=" " ind2=" ">
   <subfield code="a">INST</subfield>
   <subfield code="b">UNIPILB</subfield>
   <subfield code="c">MAIN</subfield>
   <subfield code="e">20040709</subfield>
   <subfield code="h">883.1 OM</subfield>
   <subfield code="p">00130219</subfield>
   <subfield code="q">00130219</subfield>
   <subfield code="t">LOAN</subfield>
   <subfield code="v">τ.2 ραψωδία Ν:</subfield>
   <subfield code="y">0</subfield>
   <subfield code="z">τ.2 ραψωδία Ν</subfield>
   <subfield code="4">1</subfield>
  </datafield>
  <datafield tag="852" ind1=" " ind2=" ">
   <subfield code="a">INST</subfield>
   <subfield code="b">UNIPILB</subfield>
   <subfield code="c">MAIN</subfield>
   <subfield code="e">20040709</subfield>
   <subfield code="h">883.1 OM</subfield>
   <subfield code="p">00130220</subfield>
   <subfield code="q">00130220</subfield>
   <subfield code="t">LOAN</subfield>
   <subfield code="v">τ.2 ραψωδια Ι:</subfield>
   <subfield code="y">0</subfield>
   <subfield code="z">τ.2 ραψωδια Ι</subfield>
   <subfield code="4">1</subfield>
  </datafield>
 </record>
</collection>
